Microsoft office 97: No experience required (Record no. 165295)

MARC details
000 -LEADER
fixed length control field 00409nam a2200157Ia 4500
008 - FIXED-LENGTH DATA ELEMENTS--GENERAL INFORMATION
fixed length control field 231217s9999 xx 000 0 und d
041 ## - LANGUAGE CODE
Language code of text/sound track or separate title English
082 ## - DEWEY DECIMAL CLASSIFICATION NUMBER
Classification number 001.6424OFF COU
100 ## - MAIN ENTRY--PERSONAL NAME
Personal name Courter, Gini. Marquis, Annette.
245 #0 - TITLE STATEMENT
Title Microsoft office 97: No experience required
250 ## - EDITION STATEMENT
Edition statement 1st ed.
260 ## - PUBLICATION, DISTRIBUTION, ETC.
Date of publication, distribution, etc. 1997
Name of publisher, distributor, etc. New Delhi : BPB,
300 ## - PHYSICAL DESCRIPTION
Extent xxi+679
650 ## - SUBJECT ADDED ENTRY--TOPICAL TERM
Topical term or geographic name entry element Office 97
942 ## - ADDED ENTRY ELEMENTS (KOHA)
Koha item type Books
Holdings
Date last seen Total checkouts Full call number Accession number Cost, total (INR) price Price effective from Category Lost status Damaged status Department Withdrawn status Home library Current library Entry date Vendor Cost, normal purchase price Grants Billnumber Billdate Currency symbol Conversion rate Discount Old discount
26/01/2024   001.6424OFF COU 10578 204.00 26/01/2024 Books     Central Library   Central Library Central Library 26/12/1997 Mega Books 240.00 CS 5234 18/05/2000 RS 1 36 15
26/01/2024   001.6424OFF COU;1 R 13025 204.00 26/01/2024 Books     Central Library   Central Library Central Library 05/04/1999 Sai Books 240.00 CS 757 29/11/2001 RS 1 36 15

© For any Suggestions or Query, please contact the library staff @ librarian@pes.edu or Phone: +9180 2672 1983/ 2108.